Psychology : (Record no. 601105)

000 -LEADER
fixed length control field 00336nam a2200121Ia 4500
008 - FIXED-LENGTH DATA ELEMENTS--GENERAL INFORMATION
fixed length control field 230907s9999||||xx |||||||||||||| ||und||
082 ## - DEWEY DECIMAL CLASSIFICATION NUMBER
Classification number 150
Author Mark COO
100 ## - MAIN ENTRY--PERSONAL NAME
Personal name Coon, Dennis.
9 (RLIN) 116119
245 #0 - TITLE STATEMENT
Title Psychology :
260 ## - PUBLICATION, DISTRIBUTION, ETC.
Place of publication, distribution, etc. Wadsworth, Engage Learning,
Name of publisher, distributor, etc. Australia ; | Belmont, CA :
Date of publication, distribution, etc. 2012
300 ## - PHYSICAL DESCRIPTION
Extent xl, 726, [182] p. :
942 ## - ADDED ENTRY ELEMENTS (KOHA)
Koha item type Book
Holdings
Withdrawn status Lost status Damaged status Not for loan Permanent Location Current Location Date acquired Total Checkouts Full call number Barcode Date last seen Price effective from Koha item type
        US-Pakistan Center for Advanced Studies in Energy (USPCAS-E) US-Pakistan Center for Advanced Studies in Energy (USPCAS-E) 11/20/2019   150 COO CAS-E0005204 09/12/2023 09/12/2023 Book
© 2023 Central Library, National University of Sciences and Technology. All Rights Reserved.